[Event "Heraklion Gazi op"]
[Site "Heraklion"]
[Date "2005.10.01"]
[Round "6"]
[White "Kokolakis, Nikolaos"]
[Black "Lamprakis, Antonios"]
[Result "1-0"]
[WhiteElo "1000"]
[BlackElo "1275"]
[PlyCount "70"]
[EventDate "2005.09.27"]
[EventType "swiss"]
[EventRounds "7"]
[EventCountry "GRE"]
[SourceTitle "EXT 2007"]
[Source "ChessBase"]
[SourceDate "2006.11.23"]
[SourceVersion "1"]
[SourceVersionDate "2006.11.23"]
[SourceQuality "1"]

1. d4 d5 2. Bg5 Bf5 3. Nc3 h6 4. Bh4 g5 5. Bg3 e6 6. e3 a6 7. a3 Nc6 8. Bd3 Bxd3 9. Qxd3 Nf6 10. Nf3 Bd6 11. 0-0-0 Qe7 12. Rhf1 b5 13. Bxd6 Qxd6 14. b4 a5 15. Nxb5 Qd7 16. Qc3 Ra6 17. bxa5 0-0 18. Ne5 Nxe5 19. dxe5 Ne4 20. Qxc7 Qxc7 21. Nxc7 Rxa5 22. f3 Nc5 23. a4 Nxa4 24. Rd4 Rc8 25. Nb5 Nc3 26. Nd6 Rb8 27. Kd2 Nb5 28. Rb4 Rba8 29. Rxb5 Ra1 30. Rbb1 R1a2 31. Rb8+ Kg7 32. Rb7 Ra1 33. Rxf7+ Kg6 34. g4 R1a6 35. Rf6+ Kg7 1-0